| 000 | 00000nas 2200000za 4500 |
| 001 | 9.502475 |
| 003 | CaOODSP |
| 005 | 20241008101613 |
| 007 | cr ||||||||||| |
| 008 | 150406c20109999oncar pso||||f0 b0fre|d |
| 022 | |a1926-5840 |
| 040 | |aCaOODSP|bfre |
| 043 | |an-cn--- |
| 086 | 1 |aLo2-1/2F-PDF |
| 110 | 2 |aCommissariat au lobbying du Canada. |
| 222 | 0|aLoi sur la protection des renseignements personnels |
| 245 | 10|aLoi sur la protection des renseignements personnels |h[ressource électronique] : |brapport annuel/ |cCommissariat au lobbying du Canada. |
| 246 | 20|aRapport annuel de ... |
| 260 | |aOttawa : |bCommissariat au lobbying du Canada, |c2010- |
| 310 | |aAnnuel |
| 362 | 1 |aParaît depuis 2009/2010. |
| 500 | |aPubl. aussi en anglais sous le titre : Office of the Commissioner of Lobbying of Canada - Privacy Act, annual report. |
| 691 | 07|aLobby|2gcpds |
| 691 | 07|aVie privée|2gcpds |
| 775 | 08|tPrivacy Act |w(CaOODSP)9.506073 |